| 000 | 00589nam a2200229 a 4500 | ||
|---|---|---|---|
| 001 | BRCA_3572 | ||
| 005 | 20190320204334.0 | ||
| 008 | 050809s1960----nyud---###---#000-0#eng-# | ||
| 041 | _aeng | ||
| 044 | _anyu | ||
| 050 | 4 |
_aHQ31 _b.V64 1960 |
|
| 100 | 1 |
_aVont, William _99273 |
|
| 245 | 1 | 0 |
_aPeople! _bChallengue to survival _cWilliam Vogt. |
| 260 |
_aNew York _bWilliam Sloane _c1960 |
||
| 300 |
_a257 p. _bil., gráficas _c22 cm. |
||
| 500 | _aIncluye apéndice | ||
| 500 | _aB240 | ||
| 650 | 1 | 4 |
_aPoblación _99274 |
| 650 | 1 | 4 |
_aÉtica sexual _99275 |
| 902 | _aGFM | ||
| 942 |
_2lcc _cB |
||
| 999 |
_c3307 _d3307 |
||